000 00715nam a2200265Ia 4500
003 OSt
005 20221006142644.0
006 a|||||r|||| 00| 0
007 ta
008 221006b |||||||| |||| 00| 0 eng d
020 _c1959.10
024 _a6,857
037 _cTextual
040 _aEASL
_cEASL
_beng
041 _2eng
_aeng
082 _aY:1.41y2.N, M5
100 _aWARD Barbara E
_9648084
245 0 _aThrough other eyes
_b Essays in understanding 'Conscous models'
260 _aHong Kong
_bChinese University
_c1985
300 _a280p.
_ccm.
490 _v JEL
650 _aJEL
942 _hY:1.41y2.N, M5
_cTEXL
_2CC
999 _c1074943
_d1074943